A scuola con Valentina /

में बचाया:
ग्रंथसूची विवरण
मुख्य लेखक: Petrosino, Angelo (लेखक)
अन्य लेखक: Not, Sara
स्वरूप: पुस्तक
भाषा:इतालवी
प्रकाशित: Casale Monferrato : Piemme junior, 2001
संस्करण:4. ed
श्रृंखला:Il battello a vapore ; 4
Il battello a vapore. Valentina ; 4
टैग: टैग जोड़ें
कोई टैग नहीं, इस रिकॉर्ड को टैग करने वाले पहले व्यक्ति बनें!

MARC

LEADER 00000nam a22000007i 4500
001 IT\ICCU\CAM\0004381
003 ItRI
005 20240924105410.0
008 090204s2001 it |||||| ||||| |||||c
020 |a 8838450234 
040 |b ita  |c CDM 
041 7 |a ita  |2 ISO-639-2 
100 1 |a Petrosino, Angelo  |0 IT\ICCU\RAVV\045218  |4 aut 
245 1 0 |a A scuola con Valentina /  |c Angelo Petrosino ; illustrazioni di Sara Not. 
250 |a 4. ed 
260 |a Casale Monferrato :  |b Piemme junior,  |c 2001 
300 |a 200 p. :  |b ill. ;  |c 19 cm. 
700 1 |a Not, Sara  |0 IT\ICCU\RAVV\104107 
830 3 |a Il battello a vapore ;  |v 4  |0 IT\ICCU\RCA\0535855 
830 3 |a Il battello a vapore. Valentina ;  |v 4  |0 IT\ICCU\TO0\0935066 
942 |2 ddc  |c BK 
952 |0 0  |1 0  |2 ddc  |4 0  |6 853_914000000000000_PET_SCU  |7 1  |9 2040  |a RA  |b RA  |d 2024-09-24  |l 0  |o 853.914 PET SCU  |p 9638  |r 2024-09-24 10:55:16  |w 2024-09-24  |y BK  |z Sezione ragazz3 
981 1 |6 z01  |a i   |b xxxe  
982 1 |6 z01  |a n 
999 |c 1787  |d 1787